000 00279nam a2200109Ia 4500
001 1272308
005 20260417151426.0
008 260417s9999 xx 000 0 und d
020 _a9786256309890
245 0 _aKendini Tavuk Zanneden Martı
_cEnes Özel
260 _bKetebe Çocuk
999 _c1272308
_d1272308